English pronunciation in Use : (Record no. 16521)
[ view plain ]
| 000 -LEADER | |
|---|---|
| fixed length control field | 01379nam a2200361 a 4500 |
| 001 - CONTROL NUMBER | |
| control field | 013669163 |
| 003 - CONTROL NUMBER IDENTIFIER | |
| control field | EG-ScBUE |
| 005 - DATE AND TIME OF LATEST TRANSACTION | |
| control field | 20220606112113.0 |
| 006 - FIXED-LENGTH DATA ELEMENTS--ADDITIONAL MATERIAL CHARACTERISTICS--GENERAL INFORMATION | |
| fixed length control field | m||||fq||h 00| 0 |
| 008 - FIXED-LENGTH DATA ELEMENTS--GENERAL INFORMATION | |
| fixed length control field | 070212r20082003enka f 000 0 eng d |
| 020 ## - INTERNATIONAL STANDARD BOOK NUMBER | |
| International Standard Book Number | 9780521687522 |
| 040 ## - CATALOGING SOURCE | |
| Original cataloging agency | EG-ScBUE |
| Language of cataloging | eng |
| Description conventions | rda |
| Transcribing agency | EG-ScBUE |
| Modifying agency | EG-ScBUE |
| 082 04 - DEWEY DECIMAL CLASSIFICATION NUMBER | |
| Classification number | 428.34 |
| Edition number | 22 |
| Item number | HAN |
| 100 1# - MAIN ENTRY--PERSONAL NAME | |
| Personal name | Hancock, Mark, |
| Relator term | author. |
| 9 (RLIN) | 15917 |
| 245 10 - TITLE STATEMENT | |
| Title | English pronunciation in Use : |
| Remainder of title | self-study and classroom use, |
| Name of part/section of a work | Intermediate / |
| Statement of responsibility, etc | Mark Hancock. |
| 250 ## - EDITION STATEMENT | |
| Edition statement | Tenth printing. |
| 264 #1 - PUBLICATION, DISTRIBUTION, ETC. (IMPRINT) | |
| Place of publication, distribution, etc | Cambridge : |
| Name of publisher, distributor, etc | Cambridge University Press, |
| Date of publication, distribution, etc | 2008. |
| 300 ## - PHYSICAL DESCRIPTION | |
| Extent | 200 pages ; |
| Other physical details | illustrations ; |
| Dimensions | 27 cm + |
| Accompanying material | 4 CD |
| 336 ## - CONTENT TYPE | |
| Source | rdacontent |
| Content type term | text |
| Content type code | txt |
| 336 ## - CONTENT TYPE | |
| Source | rdacontent |
| Content type term | sounds |
| Content type code | snd |
| 337 ## - MEDIA TYPE | |
| Source | rdamedia |
| Media type term | unmediated |
| Media type code | n |
| 337 ## - MEDIA TYPE | |
| Source | rdamedia |
| Media type term | audio |
| Media type code | s |
| 338 ## - CARRIER TYPE | |
| Source | rdacarrier |
| Carrier type term | volume |
| Carrier type code | nc |
| 338 ## - CARRIER TYPE | |
| Source | rdacarrier |
| Carrier type term | computer disc |
| Carrier type code | cd |
| 538 ## - SYSTEM DETAILS NOTE | |
| System details note | System requirements: IBM compatible PC; 1 GHz processor or later; 256MB RAM; Windows 2000 or later. |
| 538 ## - SYSTEM DETAILS NOTE | |
| System details note | Mode of access: Macintosh; 1GHz G4 processor or later; 256MB RAM; Mac OS X or later. |
| 650 #7 - SUBJECT ADDED ENTRY--TOPICAL TERM | |
| Topical term or geographic name as entry element | English language |
| General subdivision | Computer-assisted instruction for foreign speakers. |
| 9 (RLIN) | 29119 |
| Source of heading or term | BUEsh |
| 650 #7 - SUBJECT ADDED ENTRY--TOPICAL TERM | |
| Topical term or geographic name as entry element | English language |
| General subdivision | Pronunciation. |
| 9 (RLIN) | 29120 |
| Source of heading or term | BUEsh |
| 651 ## - SUBJECT ADDED ENTRY--GEOGRAPHIC NAME | |
| Source of heading or term | BUEsh |
| 653 ## - INDEX TERM--UNCONTROLLED | |
| Arrived date list | February2012 |
| Resource For college | Humanities: English |
| 655 ## - INDEX TERM--GENRE/FORM | |
| Form subdivision | Reading book |
| 9 (RLIN) | 34232 |
| 942 ## - ADDED ENTRY ELEMENTS (KOHA) | |
| Source of classification or shelving scheme | Dewey Decimal Classification |
| Koha item type | Book - Borrowing |
| Withdrawn status | Lost status | Source of classification or shelving scheme | Damaged status | Not for loan | Collection code | Home library | Current library | Shelving location | Date acquired | Source of acquisition | Serial Enumeration / chronology | Total Checkouts | Total Renewals | Full call number | Barcode | Date last seen | Date checked out | Price effective from | Koha item type | Public note |
|---|---|---|---|---|---|---|---|---|---|---|---|---|---|---|---|---|---|---|---|---|
| Dewey Decimal Classification | دار نهضة مصر | Central Library | Central Library | Second Floor | 27/02/2012 | 187 | 2 | 6 | 428.34 HAN | 000026219 | 15/07/2025 | 03/10/2016 | 27/02/2012 | Book - Borrowing | ||||||
| Dewey Decimal Classification | دار نهضة مصر | Central Library | Central Library | Second Floor | 27/02/2012 | 187 | 1 | 4 | 428.34 HAN | 000026220 | 24/08/2022 | 03/10/2016 | 27/02/2012 | CD | DVD - (NB) | CD A | |||||
| Dewey Decimal Classification | دار نهضة مصر | Central Library | Central Library | Second Floor | 27/02/2012 | 187 | 2 | 4 | 428.34 HAN | 000026221 | 24/08/2022 | 03/10/2016 | 27/02/2012 | CD | DVD - With book | ||||||
| Dewey Decimal Classification | دار نهضة مصر | Central Library | Central Library | Second Floor | 29/02/2012 | 187 | 1 | 4 | 428.34 HAN | 000026248 | 24/08/2022 | 03/10/2016 | 29/02/2012 | CD | DVD - (NB) | CD B | |||||
| Dewey Decimal Classification | دار نهضة مصر | Central Library | Central Library | Second Floor | 29/02/2012 | 187 | 1 | 5 | 428.34 HAN | 000026249 | 24/08/2022 | 03/10/2016 | 29/02/2012 | CD | DVD - (NB) | CD C | |||||
| Dewey Decimal Classification | دار نهضة مصر | Central Library | Central Library | Second Floor | 29/02/2012 | 187 | 1 | 5 | 428.34 HAN | 000026250 | 24/08/2022 | 03/10/2016 | 29/02/2012 | CD | DVD - (NB) | CD D |